officiel procedure English-French - Statistiques

Statistiques générales
  • Ce quiz a été pris 5 fois
  • Le résultat moyen est 3 sur 16
Statistiques - réponses
Hint Réponse % Correct
to book sth réserver
100%
an ID carte d’identité
67%
an ID carte d’identité
33%
out of date périmé
33%
out of date périmé
33%
to certify that certifier que
0%
to issue a visa délivrer un visa
0%
an enquiry demande de renseignement
0%
to register enregistrer, inscrire
0%
in order en règle
0%
in order en règle
0%
to apply for sth faire une demande de
0%
a family record book livret de famille
0%
a family record book livret de famille
0%
to fill out a form remplir un document
0%
an application form une demande pour
0%
Aucun quiz correspondant
Distribution des résultats
% des personnes avec chaque résultat
Percentile par nombre de réponses
Votre historique - résultats
Vous n’avez pas pris ce quiz